000 00322nam a2200145Ia 4500
003 OSt
008 191201s2016 xx 000 0 und d
082 _a510
_bANE
100 _aANDRILLI, Stephen
245 0 _aElementary Linear Algebra
260 _bElsivier
_c2016
300 _a737
650 _aApplied
942 _2ddc
_cBK
999 _c7112
_d7112